[Event "FRA-chT2 West 0607"]
[Site "France"]
[Date "2007.02.11"]
[Round "7.5"]
[White "Delabre, Tony"]
[Black "Appleberry, Martin"]
[Result "1/2-1/2"]
[WhiteElo "2072"]
[BlackElo "2201"]
[PlyCount "36"]
[EventDate "2006.10.15"]
[EventType "team"]
[EventRounds "11"]
[EventCountry "FRA"]
[SourceTitle "EXT 2008"]
[Source "ChessBase"]
[SourceDate "2007.11.25"]
[SourceVersion "1"]
[SourceVersionDate "2007.11.25"]
[SourceQuality "1"]
[WhiteTeam "JEEN"]
[BlackTeam "Chess XV II"]
[WhiteTeamCountry "FRA"]
[BlackTeamCountry "FRA"]

1. e4 e5 2. Nf3 d6 3. Bc4 Be7 4. d4 exd4 5. Qxd4 Nf6 6. e5 dxe5 7. Qxd8+ Bxd8 8. Nxe5 0-0 9. 0-0 Bf5 10. b3 Nfd7 11. f4 Nxe5 12. fxe5 Be6 13. Bxe6 fxe6 14. Rxf8+ Kxf8 15. Nd2 Nc6 16. Ne4 Be7 17. Bb2 Rd8 18. Nf2 Kf7 1/2-1/2

[Event "Paris Apsap op 75th"]
[Site "Paris"]
[Date "2004.09.03"]
[Round "5"]
[White "Appleberry, Martin"]
[Black "Hauroo, Harris"]
[Result "1/2-1/2"]
[WhiteElo "2250"]
[BlackElo "2122"]
[PlyCount "36"]
[EventDate "2004.09.??"]
[EventType "swiss"]
[EventRounds "9"]
[EventCountry "FRA"]
[SourceTitle "EXT 2006"]
[Source "ChessBase"]
[SourceDate "2005.11.24"]
[SourceVersion "1"]
[SourceVersionDate "2005.11.24"]
[SourceQuality "1"]

1. Nf3 Nf6 2. c4 e6 3. g3 d5 4. Bg2 c6 5. 0-0 dxc4 6. Ng5 Qd4 7. Nf3 Qc5 8. b3 cxb3 9. axb3 Qb6 10. Na3 Be7 11. Nc4 Qd8 12. Ba3 Bxa3 13. Rxa3 0-0 14. Qa1 a6 15. d4 Nbd7 16. Re1 Ne4 17. Rd1 Ndf6 18. Nfe5 Nd6 1/2-1/2

[Event "Paris Apsap op 75th"]
[Site "Paris"]
[Date "2004.08.31"]
[Round "2"]
[White "Colson, Arnaud"]
[Black "Appleberry, Martin"]
[Result "1/2-1/2"]
[WhiteElo "2091"]
[BlackElo "2250"]
[PlyCount "58"]
[EventDate "2004.09.??"]
[EventType "swiss"]
[EventRounds "9"]
[EventCountry "FRA"]
[SourceTitle "EXT 2006"]
[Source "ChessBase"]
[SourceDate "2005.11.24"]
[SourceVersion "1"]
[SourceVersionDate "2005.11.24"]
[SourceQuality "1"]

1. e4 c5 2. Nf3 e6 3. d4 cxd4 4. Nxd4 a6 5. Bd3 Nc6 6. Nxc6 dxc6 7. 0-0 e5 8. Be3 Nf6 9. h3 Nd7 10. Nd2 Bc5 11. Qe2 Bxe3 12. Qxe3 Qe7 13. a4 a5 14. Nc4 f6 15. Rfd1 0-0 16. Nd6 Kh8 17. Bc4 b6 18. Qb3 g6 19. Nxc8 Rfxc8 20. Rxd7 Qxd7 21. Be6 Qd8 22. Bxc8 Rxc8 23. c3 Rb8 24. Rd1 Qe7 25. Qc4 Rc8 26. Qd3 Kg7 27. Qd7 Rc7 28. Qxe7+ Rxe7 29. Rd8 Rb7 1/2-1/2

[Event "Paris-ch opA"]
[Site "Paris"]
[Date "2004.07.05"]
[Round "3"]
[White "Herve, Pierre"]
[Black "Appleberry, Martin"]
[Result "0-1"]
[WhiteElo "2083"]
[BlackElo "2250"]
[PlyCount "36"]
[EventDate "2004.07.03"]
[EventType "swiss"]
[EventRounds "9"]
[EventCountry "FRA"]
[SourceTitle "EXT 2005"]
[Source "ChessBase"]
[SourceDate "2004.11.15"]
[SourceVersion "1"]
[SourceVersionDate "2004.11.15"]
[SourceQuality "1"]

1. e4 c5 2. c4 Nc6 3. g3 g6 4. Bg2 Bg7 5. Ne2 a6 6. Nbc3 Rb8 7. d3 d6 8. 0-0 b5 9. f4 Bd7 10. f5 Nf6 11. Rb1 Ne5 12. cxb5 axb5 13. d4 cxd4 14. Nxd4 b4 15. Nce2 Qa5 16. Nb3 Qb6+ 17. Kh1 Bb5 18. Qd4 Bxe2 0-1

[Event "Paris Apsap op 70th"]
[Site "Paris"]
[Date "2004.02.23"]
[Round "3"]
[White "Pernet, Roger"]
[Black "Appleberry, Martin"]
[Result "0-1"]
[WhiteElo "1965"]
[BlackElo "2257"]
[PlyCount "42"]
[EventDate "2004.02.25"]
[EventType "swiss"]
[EventRounds "7"]
[EventCountry "FRA"]
[SourceTitle "EXT 2005"]
[Source "ChessBase"]
[SourceDate "2004.11.15"]
[SourceVersion "1"]
[SourceVersionDate "2004.11.15"]
[SourceQuality "1"]

1. f4 Nh6 2. b3 e5 3. fxe5 d6 4. Nf3 dxe5 5. Nc3 Nc6 6. e3 g5 7. Bb5 Bg7 8. Bb2 g4 9. Ng1 0-0 10. Qe2 Nd4 11. exd4 exd4 12. 0-0-0 dxc3 13. Bxc3 Bxc3 14. dxc3 Qg5+ 15. Qd2 Qxb5 16. Qxh6 f6 17. h3 Qg5+ 18. Qxg5+ fxg5 19. hxg4 Bxg4 20. Nf3 Rxf3 21. Rd4 Rf4 0-1

[Event "Saint Quentin op 6th"]
[Site "Elancourt"]
[Date "2003.04.16"]
[Round "6"]
[White "Appleberry, Martin"]
[Black "Piot, Olivier"]
[Result "1/2-1/2"]
[WhiteElo "2268"]
[BlackElo "2212"]
[PlyCount "28"]
[EventDate "2003.04.12"]
[EventType "swiss"]
[EventRounds "9"]
[EventCountry "FRA"]
[SourceTitle "CBM 093 Extra"]
[Source "ChessBase"]
[SourceDate "2003.05.09"]
[SourceVersion "1"]
[SourceVersionDate "2003.05.09"]
[SourceQuality "1"]

1. Nc3 g6 2. d4 d5 3. e4 dxe4 4. Nxe4 Bg7 5. c3 Nd7 6. Nf3 Ngf6 7. Nxf6+ Nxf6 8. Bc4 0-0 9. 0-0 a6 10. Bf4 b5 11. Be2 Bb7 12. a4 c6 13. Be5 Nd7 14. Bxg7 Kxg7 1/2-1/2

[Event "Saint Quentin op 6th"]
[Site "Elancourt"]
[Date "2003.04.15"]
[Round "5"]
[White "Okhotnik, Vladimir"]
[Black "Appleberry, Martin"]
[Result "1/2-1/2"]
[WhiteElo "2439"]
[BlackElo "2268"]
[PlyCount "49"]
[EventDate "2003.04.12"]
[EventType "swiss"]
[EventRounds "9"]
[EventCountry "FRA"]
[SourceTitle "CBM 093 Extra"]
[Source "ChessBase"]
[SourceDate "2003.05.09"]
[SourceVersion "1"]
[SourceVersionDate "2003.05.09"]
[SourceQuality "1"]

1. e4 e6 2. d4 d5 3. exd5 exd5 4. c4 Bb4+ 5. Nc3 Nf6 6. Bd3 dxc4 7. Bxc4 0-0 8. Nf3 c5 9. 0-0 Bg4 10. a3 Bxc3 11. bxc3 Nc6 12. Be3 cxd4 13. cxd4 Nd5 14. Rc1 Nxe3 15. fxe3 Qe7 16. Rc3 Rad8 17. Qe1 Rd6 18. Qg3 Bxf3 19. Rxf3 Na5 20. Bxf7+ Rxf7 21. Rc8+ Rd8 22. Rxf7 Kxf7 23. Rc7 Rd7 24. Qf3+ Ke8 25. Rxd7 1/2-1/2

[Event "Saint Quentin op 6th"]
[Site "Elancourt"]
[Date "2003.04.14"]
[Round "4"]
[White "Appleberry, Martin"]
[Black "Lallemand, Roza"]
[Result "1-0"]
[WhiteElo "2268"]
[BlackElo "2291"]
[PlyCount "65"]
[EventDate "2003.04.12"]
[EventType "swiss"]
[EventRounds "9"]
[EventCountry "FRA"]
[SourceTitle "CBM 093 Extra"]
[Source "ChessBase"]
[SourceDate "2003.05.09"]
[SourceVersion "1"]
[SourceVersionDate "2003.05.09"]
[SourceQuality "1"]

1. e4 c5 2. Nf3 e6 3. c4 d6 4. d4 cxd4 5. Nxd4 Nf6 6. Nc3 a6 7. Be2 Be7 8. 0-0 0-0 9. Be3 Qc7 10. Qd2 b6 11. Rfe1 Bb7 12. f3 Re8 13. a4 Nbd7 14. a5 Rac8 15. Na4 bxa5 16. Nb3 Qb8 17. Nxa5 d5 18. c5 Qa8 19. e5 Nxe5 20. Nb6 Qb8 21. Nxb7 Rc7 22. Nd6 Rd8 23. Rxa6 Rdd7 24. Ra2 Ra7 25. Ndc8 Rdc7 26. Nxe7+ Rxe7 27. b4 Ng6 28. Rea1 e5 29. Bg5 e4 30. Qb2 h6 31. Bxf6 gxf6 32. fxe4 Nf4 33. Rf1 1-0

[Event "Budapest FS09 IM-A"]
[Site "Budapest"]
[Date "2001.09.02"]
[Round "2"]
[White "Kun, Gabor"]
[Black "Appleberry, Martin"]
[Result "1-0"]
[WhiteElo "2274"]
[BlackElo "2283"]
[PlyCount "107"]
[EventDate "2001.09.01"]
[EventType "tourn"]
[EventRounds "11"]
[EventCountry "HUN"]
[EventCategory "1"]
[SourceTitle "CBM 084 Extra"]
[Source "ChessBase"]
[SourceDate "2001.10.26"]
[SourceVersion "1"]
[SourceVersionDate "2001.10.26"]
[SourceQuality "1"]

1. e4 c5 2. c3 d5 3. exd5 Qxd5 4. d4 g6 5. Na3 Bg7 6. Nb5 Na6 7. Be3 cxd4 8. Bxd4 Bxd4 9. Qxd4 Qxd4 10. Nxd4 Nc7 11. Nb5 Nxb5 12. Bxb5+ Bd7 13. Bxd7+ Kxd7 14. Nf3 e6 15. 0-0-0+ Ke7 16. Rd4 Nf6 17. Rb4 Rab8 18. Rd1 Nd5 19. Rbd4 Rhd8 20. c4 Nb6 21. b3 Rxd4 22. Rxd4 f6 23. Kc2 g5 24. a4 Nd7 25. b4 Rc8 26. Kb3 h5 27. a5 g4 28. Nd2 f5 29. c5 Ne5 30. Nc4 Nxc4 31. Kxc4 a6 32. Rd6 Rc6 33. Rd2 Rc8 34. b5 h4 35. bxa6 bxa6 36. Rd6 Rb8 37. Rb6 Rd8 38. Rb7+ Kf6 39. c6 Rd2 40. Kc3 Rd5 41. Kc4 Rd2 42. Kc5 Rxf2 43. c7 Rc2+ 44. Kd6 Rd2+ 45. Kc6 Rc2+ 46. Kb6 h3 47. gxh3 gxh3 48. Rb8 e5 49. c8Q Rxc8 50. Rxc8 e4 51. Kxa6 e3 52. Re8 f4 53. Kb6 Kg5 54. a6 1-0

[Event "Budapest FS04 IM-B"]
[Site "Budapest"]
[Date "2001.04.14"]
[Round "8"]
[White "Galyas, Miklos"]
[Black "Appleberry, Martin"]
[Result "1/2-1/2"]
[WhiteElo "2371"]
[BlackElo "2301"]
[PlyCount "43"]
[EventDate "2001.04.07"]
[EventType "tourn"]
[EventRounds "9"]
[EventCountry "HUN"]
[EventCategory "2"]
[SourceTitle "CBM 081 Extra"]
[Source "ChessBase"]
[SourceDate "2001.05.06"]
[SourceVersion "1"]
[SourceVersionDate "2001.05.06"]
[SourceQuality "1"]

1. d4 Nf6 2. Nf3 c5 3. d5 b5 4. Bg5 Ne4 5. Bh4 Bb7 6. a4 a6 7. e3 Qa5+ 8. Nbd2 Nxd2 9. Nxd2 Bxd5 10. axb5 Qb4 11. e4 Bb7 12. Ra2 Qd4 13. Qa1 g6 14. c3 Qe5 15. Bg3 Qe6 16. Bc4 d5 17. bxa6 Bc6 18. Be2 Bh6 19. e5 Bxd2+ 20. Kxd2 Nd7 21. f4 0-0 22. Qf1 1/2-1/2

[Event "Budapest FS04 IM-B"]
[Site "Budapest"]
[Date "2001.04.13"]
[Round "7"]
[White "Sipos, Istvan"]
[Black "Appleberry, Martin"]
[Result "1/2-1/2"]
[WhiteElo "2206"]
[BlackElo "2301"]
[PlyCount "103"]
[EventDate "2001.04.07"]
[EventType "tourn"]
[EventRounds "9"]
[EventCountry "HUN"]
[EventCategory "2"]
[SourceTitle "CBM 081 Extra"]
[Source "ChessBase"]
[SourceDate "2001.05.06"]
[SourceVersion "1"]
[SourceVersionDate "2001.05.06"]
[SourceQuality "1"]

1. e4 c5 2. Nf3 Nf6 3. Nc3 Nc6 4. d4 d5 5. exd5 Nxd5 6. Bc4 Nxc3 7. bxc3 e6 8. 0-0 Be7 9. Be3 cxd4 10. cxd4 0-0 11. Bb3 Na5 12. c4 Nxb3 13. axb3 b6 14. Ne5 Bb7 15. Qg4 Qd6 16. Rad1 f5 17. Qg3 Bf6 18. Bf4 Qb4 19. Nd7 Rf7 20. Bd6 Qa5 21. Ne5 Bxe5 22. Bxe5 f4 23. Bxf4 Rf6 24. Qe3 Qf5 25. Bg3 a5 26. Qe5 Rc8 27. Rfe1 Qxe5 28. Rxe5 a4 29. Rb5 axb3 30. Rxb6 Be4 31. c5 Rf7 32. f3 Bd5 33. Rb1 Ra7 34. c6 Rxc6 35. Rxc6 Bxc6 36. Rxb3 Ra1+ 37. Kf2 Ra2+ 38. Kf1 Ra1+ 39. Be1 Kf7 40. Kf2 Bd5 41. Re3 Ra2+ 42. Kg3 h5 43. h4 Bc4 44. Re5 Bf1 45. Bf2 g6 46. Re1 Bd3 47. Be3 Re2 48. Rxe2 Bxe2 49. Kf4 Bf1 50. g4 Be2 51. gxh5 gxh5 52. Bd2 1/2-1/2

[Event "Budapest FS09 IM-A"]
[Site "Budapest"]
[Date "2000.09.10"]
[Round "9"]
[White "Appleberry, Martin"]
[Black "Eperjesi, Laszlo"]
[Result "1/2-1/2"]
[WhiteElo "2291"]
[BlackElo "2370"]
[PlyCount "45"]
[EventDate "2000.09.02"]
[EventType "tourn"]
[EventRounds "11"]
[EventCountry "HUN"]
[EventCategory "1"]
[SourceTitle "CBM 078 Extra"]
[Source "ChessBase"]
[SourceDate "2000.11.10"]
[SourceVersion "1"]
[SourceVersionDate "2000.11.10"]
[SourceQuality "1"]

1. c4 c5 2. g3 Nc6 3. Bg2 g6 4. Nc3 Bg7 5. a3 a5 6. Nf3 d6 7. 0-0 e5 8. Ne1 Nge7 9. Nc2 0-0 10. d3 Rb8 11. Rb1 Be6 12. e4 Nd4 13. Nxd4 cxd4 14. Nb5 Nc6 15. b3 f5 16. f3 Qd7 17. Bd2 Rf7 18. Qe2 Kh8 19. b4 axb4 20. axb4 Ra8 21. Ra1 Rff8 22. Qd1 Rfb8 23. Qc2 1/2-1/2

[Event "Budapest FS09 IM-A"]
[Site "Budapest"]
[Date "2000.09.02"]
[Round "1"]
[White "Bordas, Gyula"]
[Black "Appleberry, Martin"]
[Result "0-1"]
[WhiteElo "2186"]
[BlackElo "2291"]
[PlyCount "74"]
[EventDate "2000.09.02"]
[EventType "tourn"]
[EventRounds "11"]
[EventCountry "HUN"]
[EventCategory "1"]
[SourceTitle "CBM 078 Extra"]
[Source "ChessBase"]
[SourceDate "2000.11.10"]
[SourceVersion "1"]
[SourceVersionDate "2000.11.10"]
[SourceQuality "1"]

1. c4 g6 2. Nc3 Bg7 3. Nf3 c5 4. g3 Nc6 5. Bg2 a6 6. 0-0 Rb8 7. d3 b5 8. cxb5 axb5 9. a4 bxa4 10. Qxa4 Rb4 11. Qa2 Rb6 12. Na4 Ra6 13. Qc4 d6 14. Ng5 Ne5 15. Qb3 Nh6 16. f4 Neg4 17. h3 Bd4+ 18. Kh1 Ne3 19. Bxe3 Bxe3 20. Nc3 Rb6 21. Qa4+ Bd7 22. Qe4 Nf5 23. Kh2 Rb4 24. Qf3 0-0 25. Nd5 Bc6 26. Nxe7+ Qxe7 27. Qxc6 Rxb2 28. Bf3 Nd4 29. Qd5 Nxe2 30. Bxe2 Rxe2+ 31. Kh1 Bd4 32. Rab1 Qe3 33. Ne4 Qxd3 34. Nf6+ Kg7 35. f5 Kxf6 36. fxg6+ Kxg6 37. Rf4 Qxb1+ 0-1

[Event "Syre Memorial op 23rd"]
[Site "Issy les Moulineaux"]
[Date "2000.06.04"]
[Round "6"]
[White "Belabdelouahab, Ryad"]
[Black "Appleberry, Martin"]
[Result "1/2-1/2"]
[WhiteElo "2142"]
[BlackElo "2262"]
[PlyCount "49"]
[EventDate "2000.06.01"]
[EventType "swiss"]
[EventRounds "6"]
[EventCountry "FRA"]
[SourceTitle "CBM 076 Extra"]
[Source "ChessBase"]
[SourceDate "2000.07.11"]
[SourceVersion "1"]
[SourceVersionDate "2000.07.11"]
[SourceQuality "1"]

1. d4 d6 2. c4 Nf6 3. Nc3 g6 4. e4 Bg7 5. Nf3 0-0 6. Be2 c5 7. d5 e6 8. 0-0 exd5 9. exd5 Bf5 10. h3 Ne4 11. Nxe4 Bxe4 12. Ng5 Re8 13. Bd3 Bxd3 14. Qxd3 h6 15. Ne4 f5 16. Nc3 Nd7 17. b3 Qf6 18. Bb2 Ne5 19. Qd2 a6 20. f4 Nd7 21. Na4 Qf7 22. Bxg7 Kxg7 23. Rae1 Rxe1 24. Rxe1 Re8 25. Nc3 1/2-1/2

[Event "Saint Quentin op"]
[Site "Saint Quentin"]
[Date "2000.??.??"]
[Round "6"]
[White "Appleberry, Martin"]
[Black "Scoatarin, Jean"]
[Result "1-0"]
[WhiteElo "2262"]
[BlackElo "2133"]
[PlyCount "58"]
[EventDate "2000.??.??"]
[EventType "swiss"]
[EventRounds "9"]
[EventCountry "FRA"]
[SourceTitle "EXT 2001"]
[Source "ChessBase"]
[SourceDate "2000.11.22"]
[SourceVersion "1"]
[SourceVersionDate "2000.11.22"]
[SourceQuality "1"]

1. c4 c5 2. Nf3 g6 3. Nc3 Bg7 4. g3 Nc6 5. Bg2 e6 6. 0-0 Nge7 7. e3 0-0 8. d4 cxd4 9. Nxd4 a6 10. Nxc6 dxc6 11. Ne4 Rb8 12. Qc2 Qc7 13. c5 e5 14. Nd6 Be6 15. e4 Rbd8 16. Be3 Rd7 17. Rfd1 Nc8 18. Nc4 Rfd8 19. Bf1 Rxd1 20. Rxd1 Rxd1 21. Qxd1 Qd7 22. Qxd7 Bxd7 23. Na5 Be6 24. a3 Kf8 25. Nxb7 Ke8 26. Bxa6 Kd7 27. Na5 Na7 28. a4 Bf8 29. Nc4 Be7 1-0

[Event "Saint Quentin op"]
[Site "Saint Quentin"]
[Date "2000.??.??"]
[Round "5"]
[White "Marcelin, Cyril"]
[Black "Appleberry, Martin"]
[Result "1-0"]
[WhiteElo "2439"]
[BlackElo "2262"]
[PlyCount "75"]
[EventDate "2000.??.??"]
[EventType "swiss"]
[EventRounds "9"]
[EventCountry "FRA"]
[SourceTitle "EXT 2001"]
[Source "ChessBase"]
[SourceDate "2000.11.22"]
[SourceVersion "1"]
[SourceVersionDate "2000.11.22"]
[SourceQuality "1"]

1. d4 d5 2. c4 e6 3. Nf3 Nf6 4. Nc3 c5 5. e3 Nc6 6. a3 a6 7. b3 dxc4 8. bxc4 Qa5 9. Bb2 Bd6 10. Be2 cxd4 11. exd4 0-0 12. 0-0 Rd8 13. Qc2 e5 14. d5 Ne7 15. Bd3 b5 16. cxb5 axb5 17. Rfe1 Ba6 18. Nxe5 Rac8 19. Qb3 Qc7 20. Nxb5 Bxb5 21. Bxb5 Qc2 22. Qxc2 Rxc2 23. Bd4 Nfxd5 24. a4 Nf5 25. Nf3 Nxd4 26. Nxd4 Rd2 27. Nc6 Rd7 28. Ne5 Bxe5 29. Bxd7 f6 30. Rad1 Rxd1 31. Rxd1 Nc3 32. Rd3 Kf8 33. a5 Ne2+ 34. Kf1 Nf4 35. Rd1 Bc7 36. a6 Bb6 37. Rb1 Bc5 38. Rb7 1-0

[Event "Saint Quentin op"]
[Site "Saint Quentin"]
[Date "2000.??.??"]
[Round "7"]
[White "Velikov, Petar"]
[Black "Appleberry, Martin"]
[Result "1-0"]
[WhiteElo "2450"]
[BlackElo "2262"]
[PlyCount "83"]
[EventDate "2000.??.??"]
[EventType "swiss"]
[EventRounds "9"]
[EventCountry "FRA"]
[SourceTitle "EXT 2001"]
[Source "ChessBase"]
[SourceDate "2000.11.22"]
[SourceVersion "1"]
[SourceVersionDate "2000.11.22"]
[SourceQuality "1"]

1. Nf3 e6 2. g3 b5 3. Bg2 Bb7 4. d4 Nf6 5. 0-0 c5 6. c3 Be7 7. Bg5 d6 8. a4 b4 9. cxb4 cxb4 10. a5 Nbd7 11. Qa4 Rb8 12. Bxf6 Bxf6 13. e3 0-0 14. Nbd2 Be7 15. Rfc1 Nf6 16. Ne1 Ba6 17. Bf1 Bc8 18. Nd3 Bd7 19. Qb3 Ne8 20. Rc4 d5 21. Rcc1 g6 22. Nf3 f6 23. Nfe1 Bd6 24. Nc5 Bxc5 25. dxc5 Bc6 26. Nd3 Qe7 27. a6 d4 28. exd4 Qd7 29. Bg2 Bxg2 30. Kxg2 Qxd4 31. Qxe6+ Kh8 32. Qc4 Qd7 33. Nxb4 Nc7 34. Rd1 Qb5 35. Qxb5 Rxb5 36. Nd3 Rd8 37. b4 Rd4 38. Nf4 Rbxb4 39. Re1 Rd7 40. c6 Rd6 41. Re7 Rxc6 42. Rd1 1-0